| 000 | 00401nam a22001571a 4500 | ||
|---|---|---|---|
| 020 | _a9788181435767 | ||
| 082 |
_aH300 9 _bVIJ/U |
||
| 100 | _aVijay Bahadur Singh | ||
| 245 |
_aUpanyas samaya aur samvedana/ _cby Vijay Bahadur Singh |
||
| 260 |
_aNew Delhi: _bVani, _c2007. |
||
| 300 | _a265p. | ||
| 650 | _aNovel Hindi Criticism | ||
| 650 | _aLiterature Hindi | ||
| 650 | _aLiterature | ||
| 942 | _cBK | ||
| 999 |
_c48317 _d48317 |
||